Online Catalogue and eLibrary

Mukkuvar Women: (Record no. 1693)

MARC details
000 -LEADER
fixed length control field 00585nam a2200217Ia 4500
005 - DATE AND TIME OF LATEST TRANSACTION
control field 20250205010201.0
008 - FIXED-LENGTH DATA ELEMENTS--GENERAL INFORMATION
fixed length control field 240331s9999 xx 000 0 und d
020 ## - INTERNATIONAL STANDARD BOOK NUMBER
ISBN 8185107467
082 ## - DDC Classification
Item Number - Author Mark RAM
DDC Edition Number 602
Class No. 305.4
100 ## - MAIN ENTRY--PERSONAL NAME
Personal name Ram, K
245 #0 - TITLE STATEMENT
Title Mukkuvar Women:
Remainder of title Gender, Hegemony and Capitalist Transformation in a South Indian Fishing Community
260 ## - PUBLICATION, DISTRIBUTION, ETC.
Place of publication, distribution, etc. New Delhi
Name of publisher, distributor, etc. Kali for Women
Date of publication, distribution, etc. 1992
300 ## - PHYSICAL DESCRIPTION
Extent (e.g. Volumes, Pages etc.) xix, 266 p.,
650 ## - SUBJECT ADDED ENTRY--TOPICAL TERM
Topical term or geographic name entry element Women
650 ## - SUBJECT ADDED ENTRY--TOPICAL TERM
Topical term or geographic name entry element Mukkuvar Community
650 ## - SUBJECT ADDED ENTRY--TOPICAL TERM
Topical term or geographic name entry element Gender
650 ## - SUBJECT ADDED ENTRY--TOPICAL TERM
Topical term or geographic name entry element Hegemony
650 ## - SUBJECT ADDED ENTRY--TOPICAL TERM
Topical term or geographic name entry element Capitalism
650 ## - SUBJECT ADDED ENTRY--TOPICAL TERM
Topical term or geographic name entry element Religion
942 ## - Koha item type (Biblio)
Koha item type Books in Stacks (Lending)
Holdings
Lost status Damaged status Collection code Home library Current library Shelving location Date acquired Full call number Accession Number Item type
    Lending WERC Library WERC Library Social Science Cupboard 03/31/2024 305.4 RAM 602 Books in Stacks (Lending)

© WERC Library